000 00563nam a22002177a 4500
003 OSt
005 20161019150253.0
008 160621b xxu||||| |||| 00| 0 eng d
020 _a 978-0205666270
020 _a 0205666272
040 _cDNLM.
082 _aQT4 G95I 2010.
100 _aCarlson R.Neil;
_99493
245 _aPhysiology of Behavior.
250 _a10th ed.
260 _aBoston;
_bAllyn&Bacon.
_c2010.
300 _axxii,730p;
_bcol,ill;
_c27cm.
504 _aincludes index and references.
650 _aPhysiology.
_9215
942 _2z
_cO_SHELF
999 _c4417
_d4417